[Event "DEN-ch B7 Gr1 "]
[Site "Koge"]
[Date "2004.04.??"]
[Round "1"]
[White "Bojsen, Bent"]
[Black "Pedersen, Jan1111"]
[Result "0-1"]
[WhiteElo "1644"]
[BlackElo "1701"]
[PlyCount "74"]
[EventDate "2004.04.08"]
[EventType "swiss"]
[EventRounds "7"]
[EventCountry "DEN"]
[SourceTitle "EXT 2023"]
[Source "ChessBase"]
[SourceDate "2022.10.05"]
[SourceVersion "1"]
[SourceVersionDate "2022.10.05"]
[SourceQuality "1"]

1. f4 d5 2. Nf3 Nf6 3. e3 e6 4. b3 Bd7 5. Bb2 a5 6. a4 Na6 7. Bxa6 Rxa6 8. 0-0 b5 9. Ne5 b4 10. d3 Bc8 11. Nd2 Bb7 12. f5 exf5 13. Rxf5 Bc5 14. d4 Be7 15. Qe2 0-0 16. c4 bxc3 17. Bxc3 Bd6 18. Rd1 Qe7 19. Kh1 Rb8 20. Rdf1 Rf8 21. R1f2 Raa8 22. Qf3 Ne4 23. Nxe4 dxe4 24. Qd1 f6 25. Nc4 g6 26. Rxa5 Rab8 27. Qd2 Qe6 28. Nxd6 cxd6 29. d5 Qe7 30. Qd4 Kg7 31. Ra7 Rf7 32. a5 Qf8 33. Qb6 Qc8 34. Rc2 Bxd5 35. Bxf6+ Kg8 36. Rxc8+ Rxc8 37. Bb2 Rf1# 0-1